000
00311nam a22001337a 4500
008
181022b xxu||||| |||| 00| 0 eng d
020
_a
0891180524
041
_a
eng
080
_a
573
100
_a
9
101
_a
MJE
245
_a
Reclamation of Drastically Disturbed Lands
_c
Schaller, F.W
942
_2
udc
_c
BK
999
_c
50483
_d
50483